000 00653nam a2200277Ia 4500
005 20260324111759.0
008 008 260324s9999 xx 000 0 eng d
020 _a9788770046787
037 _aEBOOK
040 _aCRL
040 _beng
040 _cCRL
041 _2eng
041 _aeng
084 _qCRL
100 _aS. Raghuram Naidu
_91139987
245 0 _aUnderstanding Power Electronics via Simulations
260 _bTaylor and Francis
260 _c2025
365 _a
365 _b240
856 _uhttp://www.taylorfrancis.com/books/9788770046787
942 _cEBOOK
999 _c1728907
_d1728907